| 000 | 00000nam 2200000za 4500 |
| 001 | 9.801474 |
| 003 | CaOODSP |
| 005 | 20221107134815 |
| 007 | cr ||||||||||| |
| 008 | 160808s2015 onc o f000 0 fre d |
| 020 | |a978-0-660-02643-5 |
| 040 | |aCaOODSP|bfre |
| 043 | |an-cn--- |
| 086 | 1 |aH14-149/2015F-PDF |
| 110 | 1 |aCanada. |bSanté Canada. |
| 245 | 10|aCadre et plan d'action réglementaire de transparence et d'ouverture, 2015-2018 |h[ressource électronique]. |
| 260 | |a[Ottawa] : |bSanté Canada, |cc2015. |
| 300 | |a[6] p. (pages non numérotées) |
| 500 | |aPubl. aussi en anglais sous le titre : Regulatory transparency and openness framework and action plan, 2015-2018. |
| 530 | |aÉgalement publ. en version imprimée. |
| 692 | 07|2gccst|aMinistère du gouvernement fédéral |
| 692 | 07|2gccst|aGouvernement ouvert |
| 692 | 07|2gccst|aPlanification |
| 775 | 08|tRegulatory transparency and openness framework and action plan, 2015-2018 |w(CaOODSP)9.801473 |
| 776 | 0#|tCadre et plan d'action réglementaires pour la transparence et l'ouverture de 2015–2018 |w(CaOODSP)9.801471 |
| 856 | 40|qPDF|s3.23 Mo|uhttps://publications.gc.ca/collections/collection_2016/sc-hc/H14-149-2015-fra.pdf |
| 986 | |a150002 |